000 00358nam a22001457a 4500
008 210519b ||||| |||| 00| 0 eng d
020 _a9780131357808
041 _aeng
080 _25th
_a82
082 _a82
100 _a21
101 _aGJL
245 _aLiterature an Introduction to Fiction, Poetry, Drama and Writing
_cDana Gioia
942 _2udc
_cBK
999 _c57470
_d57470